000 00509nam a2200157 a 4500
001 000033822
005 20200930070540.0
008 110913s1950 sp 000 0 spa d
040 _aDO-SdBNP
_bspa
_cBNPHU
082 _axxx
_bM296h
100 1 _aManzano Manzano, Juan
_934860
245 1 0 _aHistoria de las recopilaciones de indias :
_bSiglo XVI /
_cJuan Manzano Manzano.
260 _aMadrid, España :
_bEdiciones Cultura Hispánica,
_c1950.
300 _a1 t. ;
_c24 cm.
500 _aLa biblioteca posee tomo 1
999 _c33313
_d33313